[Event "HUN-chT2 Szechenyi 0708"]
[Site "Hungary"]
[Date "2008.03.16"]
[Round "8"]
[White "Lendvai, Edit"]
[Black "Szeles, Karoly"]
[Result "1/2-1/2"]
[WhiteElo "2108"]
[BlackElo "2268"]
[PlyCount "44"]
[EventDate "2007.10.14"]
[EventType "team-tourn"]
[EventRounds "11"]
[EventCountry "HUN"]
[SourceTitle "EXT 2009"]
[Source "ChessBase"]
[SourceDate "2008.11.26"]
[SourceVersion "1"]
[SourceVersionDate "2008.11.26"]
[SourceQuality "1"]
[WhiteTeam "Arboretum"]
[BlackTeam "Zala Volan"]
[WhiteTeamCountry "HUN"]
[BlackTeamCountry "HUN"]

1. e4 e5 2. Nf3 d6 3. d4 exd4 4. Nxd4 Nf6 5. Nc3 Be7 6. Bc4 0-0 7. 0-0 c6 8. a4 a5 9. Bf4 Re8 10. Re1 Na6 11. h3 Nb4 12. Nf3 Bf8 13. Bb3 d5 14. exd5 Rxe1+ 15. Nxe1 Nfxd5 16. Nxd5 Nxd5 17. Bxd5 Qxd5 18. Qxd5 cxd5 19. c3 Bd7 20. Bc7 f6 21. Nc2 Kf7 22. Nd4 Bc5 1/2-1/2